000 00722nam a2200289Ia 4500
005 20260324121457.0
008 008 260324s9999 xx 000 0 eng d
020 _a9781003579090
037 _aEBOOK
040 _aCRL
040 _beng
040 _cCRL
041 _2eng
041 _aeng
084 _qCRL
100 _aAnne Collins; Linda Dacey
_91162675
245 0 _aIt's All Relative
245 0 _bKey Ideas and Common Misconceptions about Ratio and Proportion, Grades 6-7
260 _bTaylor and Francis
260 _c2014
365 _a
365 _b120
856 _uhttp://www.taylorfrancis.com/books/9781003579090
942 _cEBOOK
999 _c1754785
_d1754785